00347nam a2200121Ia 4500008004100000245008400041260001700125260000900142300000900151650002300160650001200183856003000195170516s9999 xx 000 0 und d 2aA Pretargeted Approach for the Multimodal PET/NIRF Imaging of Colorectal Cancer bTheranostics c2016 a6:12 xMedical Technology xMedtech uhttp://www.thno.org/v6i12